Fichajes Récord del Levante - Estadísticas

Estadísticas generales
  • Esta prueba ha sido intentada 67 veces
    11 desde el último reinicio
  • La puntuación promedio es 10 de 20
Estadísticas de respuestas
$$$ Temporada Viene de... Jugador % Correcto
3.000.000 2025/26 Villarreal Karl Etta Eyong
100%
6.000.000 2020/21 Real Madrid Jorge de Frutos
83%
8.900.000 2018/19 SC Braga Nikola Vukcevic
83%
5.000.000 2019/20 Valencia Rúben Vezo
83%
2.000.000 2020/21 Real Madrid Dani Gómez
67%
2.900.000 2017/18 Moreirense Emmanuel Boateng
67%
1.500.000 2017/18 Ujpest FC Enis Bardhi
67%
3.600.000 2019/20 Huesca Gonzalo Melero
67%
4.000.000 2019/20 Real Betis Sergio León
67%
1.500.000 2018/19 Schalke 04 Coke
50%
3.500.000 2018/19 KAA Gante Moses Simon
50%
2.200.000 2007/08 Real Murcia Pedro León
50%
6.200.000 2018/19 FC Zúrich Raphael Dwamena
50%
1.400.000 2018/19 Rubin Kazan Rubén Rochina
50%
1.600.000 2017/18 FC Metz Cheick Doukouré
33%
2.000.000 2018/19 Nacional Erick Cabaco
33%
3.200.000 2015/16 La Equidad Mauricio Cuero
17%
1.500.000 2006/07 Elche Nino
17%
1.800.000 2015/16 Belenenses Deyverson
0%
2.200.000 2004/05 Lille Vladimir Manchev
0%
No se encontraron pruebas coincidentes
Distribución de puntuación
Porcentaje de gente con cada puntuación
Porcentaje por número respondido
Historial de tus puntuaciones
No has intentado esta prueba desde el último reinicio